長野駅から出ている行き先 - Statistics

General Stats
  • This quiz has been taken 438 times
  • The average score is 19 of 25
Answer Stats
Answer % Correct
東京
98%
金沢
98%
敦賀
95%
松本
95%
篠ノ井
91%
軽井沢
89%
飯山
89%
上田
87%
塩尻
87%
小諸
82%
名古屋
80%
甲府
78%
上諏訪
77%
妙高高原
77%
湯田中
75%
茅野
72%
大月
71%
戸狩野沢温泉
67%
越後川口
67%
十日町
66%
信州中野
66%
豊野
63%
須坂
62%
飯田
58%
戸倉
46%
No matching quizzes found
Score Distribution
Percent of People with Each Score
Percentile by Number Answered
Your Score History
You have not taken this quiz